El arte escénico / (Record no. 4555)

MARC details
000 -CABECERA
campo de control de longitud fija 00554nam a2200181 a 4500
005 - FECHA Y HORA DE LA ÚLTIMA TRANSACCIÓN
campo de control 20220822125622.0
008 - ELEMENTOS DE LONGITUD FIJA--INFORMACIÓN GENERAL
campo de control de longitud fija 991125s1968 mx 000 0 spa u
035 ## - NÚMERO DE CONTROL DEL SISTEMA
Número de control de sistema UPN01000004555
049 ## - COLECCIÓN
Colección CG
050 #4 - SIGNATURA TOPOGRÁFICA DE LA BIBLIOTECA DEL CONGRESO
Número de clasificación PN2065
Número de documento/Ítem S7.28
100 1# - ASIENTO PRINCIPAL--NOMBRE PERSONAL
Nombre de persona Stanislavskij, Konstantin Sergeevic,
Fechas asociadas al nombre 1863-1938
9 (RLIN) 34247
245 13 - MENCIÓN DE TÍTULO
Título El arte escénico /
Mención de responsabilidad, etc. por Konstantin Stanislavski ; introd. David Magarshack ; tr. Julieta Campos.
260 ## - PUBLICACIÓN, DISTRIBUCIÓN, ETC.
Lugar de publicación, distribución, etc. México :
Nombre del editor, distribuidor, etc. Siglo XXI,
Fecha de publicación, distribución, etc. 1968.
300 ## - DESCRIPCIÓN FÍSICA
Extensión 345 p.
440 #0 - MENCIÓN DE SERIE/ASIENTO SECUNDARIO--TÍTULO
Título Artes
650 #7 - ASIENTO SECUNDARIO DE MATERIA - TERMINO TEMATICO
Término de materia o nombre geográfico como elemento de entrada Actuación teatral
Fuente del encabezamiento o término
9 (RLIN) 155
905 ## - TIPO DE MATERIAL
Tipo de material Libro
Holdings
Estado de retiro Estado de pérdida Fuente del sistema de clasificación o colocación Estado dañado No para préstamo Código de colección Localización permanente Ubicación/localización actual Ubicación en estantería Total de préstamos Clasificación Código de barras Fecha visto por última vez Número de copia Tipo de ítem Koha
    Library of Congress Classification     Colección General Bib. Gregorio Torres Quintero Bib. Gregorio Torres Quintero Planta baja 14 PN2065 S7.28 10766 31/12/2020 1 Libro